| 000 | 00483nam a2200133Ia 4500 | ||
|---|---|---|---|
| 008 | 160216s9999 xx 000 0 und d | ||
| 100 | _aLanglois, Lyse | ||
| 245 | 4 | _aThe anatomy of ethical leadership: to lead our organizations in a conscientious and authentic manner / | |
| 245 | _cLyse Langlois. | ||
| 260 | _bAU Press. | ||
| 260 | _c2011 | ||
| 650 | _xLeadership -ethics. | ||
| 856 | _uhttp://www.aupress.ca/books/120184/ebook/99Z_Langlois_2011-Anatomy_of_Ethical_Leadership.pdf | ||
| 999 |
_c290608 _d290608 |
||